| 000 | 00356cam a2200145ua 4500 | ||
|---|---|---|---|
| 041 |
_aeng _h |
||
| 082 |
_a930 _bCHI/MA |
||
| 100 | _aChilde, V.Gordon . | ||
| 245 |
_aMan makes Himself / _cV.Gordon Childe. _hTextual Documents |
||
| 260 |
_a : _bThe New American Library , _c1960. |
||
| 300 | _a192 ; . | ||
| 504 | _a | ||
| 942 | _cBK | ||
| 999 |
_c1276 _d1276 |
||